000 00351nam a2200157Ia 4500
008 221030s9999 xx 000 0 und d
041 _aEnglish
082 _a105.23
_bFul
100 _aS. R. Fulton
245 0 _aBasic AC Circuits
260 _bHoward & Wams
_aUSA
_c1981
300 _a1435
650 _aEE
700 _aJ. C. Rawlins
942 _cBK
999 _c1003
_d1003